=LDR 00000nam 2200000 4500 =001 INLIS000000000009721 =005 20130612101514 =008 ***********************************Ind** =035 ##$$0010-061300000009721 =041 ##$$a Ind =082 ##$$a 028.5 =090 ##$$a 028.5, Mul b =100 ##$$a Mulyati, Dedeh =245 ##$$a Berkah Kulit Kerang, Dede Mulyati =260 ##$$a 1994 $b Bandung =300 ##$$a viii, 44 hlm, ilus, 21 cm =650 ##$$a Bacaan Anak - Anak =850 ##$$a NBPNMAT